000
00298nam a22001337a 4500
003
SGT
082
_a
294.12
_b
G19R
100
_a
RAMSUKH DAS SWAMI
245
_a
GEETA MADHURYA
260
_a
INDIA
_b
GEETA PRESS GORAKHPUR
_c
2019
300
_a
160
650
_a
NON MEDICAL BOOKS
942
_2
ddc
_c
BK
999
_c
23432
_d
23432